48 Asian Countries, 48 Cities - Statistics

General Stats
  • This quiz has been taken 23,053 times
  • The average score is 22 of 48
Answer Stats
City Country % Correct
Singapore Singapore Singapore
93%
Mongolia Ulan Bator Mongolia
84%
Thailand Phuket Thailand
84%
Syria Aleppo Syria
83%
Jordan Amman Jordan
80%
China Wuhan China
77%
Laos Vientiane Laos
76%
Saudi Arabia Medina Saudi Arabia
76%
Kazakhstan Astana Kazakhstan
75%
Vietnam Da Nang Vietnam
71%
East Timor Dili East Timor
70%
Israel Haifa Israel
67%
Myanmar Naypyidaw Myanmar
67%
Tajikistan Dushanbe Tajikistan
63%
Bahrain Manama Bahrain
62%
Bangladesh Chittagong Bangladesh
54%
Cambodia Siem Reap Cambodia
54%
South Korea Daegu South Korea
51%
India Lucknow India
50%
Yemen Aden Yemen
50%
Japan Sendai Japan
46%
Iran Mashhad Iran
44%
Pakistan Rawalpindi Pakistan
44%
Lebanon Tripoli Lebanon
40%
Cyprus Paphos Cyprus
38%
Iraq Erbil Iraq
38%
Indonesia Palembang Indonesia
36%
Turkey Bursa Turkey
35%
UAE Sharjah United Arab Emirates
35%
North Korea Kimchaek North Korea
33%
Oman As Sib al Jadidah Oman
33%
Philippines Davao Philippines
32%
Taiwan Kaohsiung Taiwan
32%
Afghanistan Herat Afghanistan
30%
Qatar Al Khor Qatar
28%
Sri Lanka Kandy Sri Lanka
28%
Brunei Kuala Belait Brunei
27%
Georgia Batumi Georgia
26%
Malaysia Georgetown Malaysia
25%
Kuwait Al Jahra Kuwait
24%
Kyrgyzstan Osh Kyrgyzstan
20%
Nepal Pokhara Nepal
19%
Turkmenistan Daşoguz Turkmenistan
18%
Armenia Gyumri Armenia
16%
Azerbaijan Ganja Azerbaijan
14%
Bhutan Paro Bhutan
14%
Maldives Addu City Maldives
13%
Uzbekistan Namangan Uzbekistan
10%
No matching quizzes found
Score Distribution
Percent of People with Each Score
Percentile by Number Answered
Your Score History
You have not taken this quiz